000 01013nam0a2200301 4500
001 RU\NLR\bibl\77849
005 20260406041530.0
010 _a5-7020-0941-Х
_bНовости
010 _a5-237-00369-9
_bАСТ
_910000
021 _aRU
_b1998-46806
_92252
035 _a(NLR Aleph) 000076005
090 _a421299
_c421299
100 _a20000331d1998 |||y0rusy50 ca
101 1 _arus
_ceng
102 _aRU
105 _ay |||||||||
200 1 _aСобор
_e[Роман]
_fНельсон Демилль
_g[Пер. с англ.: Александра Карпова и Юлии Лысановой]
210 _aМ.
_cНовости
_aНазрань
_cАСТ
_d1998
215 _a590, [1] с.
_d21
686 _aШ6(7США)67-446
700 1 _4070
_8rus
_7ca
_aДемилль
_bН.
_gНельсон
_3RU\NLR\auth\771903
_9111920
801 0 _aRU
_bNLR
_c20000331
_gPSBO
801 1 _aRU
_bNLR
_c20000331
852 _aNLR
_j2000-5/52
942 _cBOOK
980 _aNB